Práca normovača typové riešenie organizácie práce normovača

Na minha lista:
Detalhes bibliográficos
Autor principal: Demko, Peter
Formato: Livro
Idioma:eslovaco
Publicado em: Bratislava Výskumný ústav sociálneho rozvoja a práce 1984
Colecção:Výskum a prax
Tags: Adicionar Tag
Sem tags, seja o primeiro a adicionar uma tag!

MARC

LEADER 00000nam a2200000 4500
001 c110245
005 20240419070959.7
041 0 |a slo 
044 |a SK 
245 1 0 |a Práca normovača  |b typové riešenie organizácie práce normovača  |c Peter Demko a kol. 
264 1 |a Bratislava  |b Výskumný ústav sociálneho rozvoja a práce  |c 1984 
300 |a 82 s. 
490 1 |a Výskum a prax 
830 0 |a Výskum a prax 
100 1 |a Demko, Peter